000 00573nam a2200169 4500
001 121061
003 ES-MaACL
005 20230906191658.0
007 t|
008 070214s1923 be r ||||1| spa d
100 1 _aPoncet y de Cárdenas, Carolina.
_992964
245 1 0 _aRomancerillo de Entrepeñas y Villar de los Pisones /
_crecogido y anotado por Carolina Poncet y de Cárdenas.
260 _aBruges :
_b[s.n.],
_c1923 (
_fImp. Sainte-Catherine)
300 _a33 p. ;
_c26 cm.
500 _aExtrait de la Revue Hispanique, Tomo LVII.
852 _aES-MaACL
_j1600-F-33
999 _c121061
_d121061